000
00272nam a22001217a 4500
008
180130b xxu||||| |||| 00| 0 eng d
041
_a
eng
080
_a
94
100
_a
16
101
_a
his
245
_a
harward histotrical monographic
_c
samuel.p.h
942
_2
udc
_c
BK
999
_c
41226
_d
41226